A digitális nomádok szerepe a fenntartható turizmusban

Bibliographic Details
Main Author: Dósay Lilla
Other Authors: Hegedüs Sára
Format: Thesis
Kulcsszavak:Bali
digitális nomád
fenntartható turizmus
fenntarthatóság
közösségi média
Online Access:http://dolgozattar.uni-bge.hu/60321

MARC

LEADER 00000nta a2200000 i 4500
001 dolg60321
005 20260409150314.0
008 260409suuuu hu om 000 hun d
040 |a BGE Dolgozattár Repozitórium  |b hun 
041 |a hu 
100 1 |a Dósay Lilla 
245 1 2 |a A digitális nomádok szerepe a fenntartható turizmusban  |c Dósay Lilla  |h [elektronikus dokumentum] 
520 3 |a A dolgozat a digitális nomádok szerepét vizsgálja a fenntartható turizmus előmozdításában, különös tekintettel Bali szigetére. A kutatás célja annak feltárása, hogy a digitális nomádok életmódja és fogyasztási szokásai milyen hatással vannak a turisztikai desztinációk fenntarthatóságára, illetve hogy besorolhatók-e a turizmus új, tudatos fogyasztói közé. A szakirodalmi áttekintés bemutatja a digitális nomadizmus elméleti kereteit, népszerűségének okait, valamint a fenntartható turizmus jelentőségét. Primer kutatásként netnográfiai elemzést és mélyinterjúkat alkalmaztam digitális nomádokkal és helyi vállalkozókkal. Az eredmények rávilágítanak arra, hogy bár a digitális nomádok életmódja sok szempontból fenntarthatóbb, mint a hagyományos turizmusé, jelenlétük számos kihívást is felvet, különösen a helyi közösségekre és a kulturális örökségre gyakorolt hatás tekintetében. A dolgozat végkövetkeztetése, hogy a digitális nomádok – megfelelő szabályozási és közösségi stratégiák mellett – hozzájárulhatnak a fenntartható turizmus célkitűzéseinek eléréséhez. 
695 |a Bali 
695 |a digitális nomád 
695 |a fenntartható turizmus 
695 |a fenntarthatóság 
695 |a közösségi média 
700 1 |a Hegedüs Sára  |e ths 
856 4 0 |u http://dolgozattar.uni-bge.hu/60321/1/Szakdolgozat%2005.04..pdf  |z Dokumentum-elérés 
856 4 0 |u http://dolgozattar.uni-bge.hu/60321/2/Bi%CC%81ra%CC%81lati%20lap_Do%CC%81say%20Lilla_2025.pdf  |z Dokumentum-elérés 
856 4 0 |u http://dolgozattar.uni-bge.hu/60321/3/D%C3%B3say%20Lilla%20szakdolgozati%20b%C3%ADr%C3%A1lat.pdf  |z Dokumentum-elérés